Juventus Record Transfers - Statistics

General Stats
  • This quiz has been taken 1,298 times
  • The average score is 5 of 10
Answer Stats
Year Country Position From Transfer Fee Player % Correct
2001-2002 Italy GK Parma 54,2M€ Gianluigi Buffon
99%
2001-2002 Czech Republic MD Lazio Roma 41,2M€ Pavel Nedved
89%
2001-2002 France DF Parma 41,5M€ Lilian Thuram
74%
2000-2001 France FW AS Monaco 23M€ David Trezeguet
55%
2009-2010 Brazil MD Werder Bremen 27M€ Diego
49%
2004-2005 Brazil MD AS Roma 28M€ Emerson
39%
2009-2010 Brazil MD Fiorentina 25M€ Felipe Melo
37%
2001-2002 Chile FW Lazio Roma 25M€ Marcelo Salas
32%
2008-2009 Italy FW Palermo 22,8M€ Amauri
29%
2002-2003 Italy FW Parma 26M€ Marco Di Vaio
15%
No matching quizzes found
Score Distribution
Percent of People with Each Score
Percentile by Number Answered
Your Score History
You have not taken this quiz